[Event "Hessen-chA"]
[Site "Frankfurt"]
[Date "2018.05.11"]
[Round "3"]
[White "Reinecke, Katharina"]
[Black "Finke, Kai"]
[Result "1/2-1/2"]
[WhiteElo "1905"]
[BlackElo "2054"]
[PlyCount "81"]
[EventDate "2018.05.10"]
[EventType "swiss"]
[EventRounds "7"]
[EventCountry "GER"]
[SourceTitle "EXT 2019"]
[Source "ChessBase"]
[SourceDate "2018.10.10"]
[SourceVersion "1"]
[SourceVersionDate "2018.10.10"]
[SourceQuality "1"]

1. d4 Nf6 2. c4 g6 3. Nf3 Bg7 4. g3 c6 5. Bg2 d5 6. 0-0 0-0 7. e3 Ne4 8. b3 Nd7 9. Bb2 f5 10. Nbd2 e6 11. Qe2 g5 12. Ne1 Nxd2 13. Qxd2 g4 14. Nd3 Nf6 15. Nf4 Ne4 16. Qe2 Qg5 17. h4 gxh3 18. Nxh3 Qe7 19. Nf4 Bd7 20. Rac1 Be8 21. a3 a5 22. b4 axb4 23. axb4 Bd7 24. cxd5 exd5 25. b5 Ra2 26. Rc2 Qb4 27. Rfc1 Rfa8 28. bxc6 bxc6 29. Nd3 Qb5 30. Ne5 Qxe2 31. Rxe2 Bxe5 32. dxe5 Rb8 33. Rcc2 c5 34. Bxe4 fxe4 35. Bc3 Rb1+ 36. Kh2 Ra6 37. Re1 Rh6+ 38. Kg1 Rbb6 39. Ba5 Rbc6 40. Bd8 Bg4 41. Rd2 1/2-1/2

[Event "Hessen-chA"]
[Site "Frankfurt"]
[Date "2018.05.10"]
[Round "1"]
[White "Scallan, Fiachra"]
[Black "Finke, Kai"]
[Result "1/2-1/2"]
[WhiteElo "1949"]
[BlackElo "2054"]
[PlyCount "99"]
[EventDate "2018.05.10"]
[EventType "swiss"]
[EventRounds "7"]
[EventCountry "GER"]
[SourceTitle "EXT 2019"]
[Source "ChessBase"]
[SourceDate "2018.10.10"]
[SourceVersion "1"]
[SourceVersionDate "2018.10.10"]
[SourceQuality "1"]

1. e4 c5 2. Nf3 d6 3. Bb5+ Nd7 4. d4 a6 5. Bxd7+ Bxd7 6. dxc5 dxc5 7. Nc3 e6 8. Ne5 Nf6 9. Nxd7 Nxd7 10. a4 Qc7 11. Qe2 Bd6 12. h3 0-0 13. 0-0 Rab8 14. f4 c4 15. Be3 b5 16. axb5 axb5 17. Ra7 Qc6 18. e5 Bc5 19. Bxc5 Nxc5 20. Ra5 Rfc8 21. Qf3 Qxf3 22. Rxf3 b4 23. Nd1 g6 24. b3 cxb3 25. cxb3 Ne4 26. Ra1 Rc2 27. Ne3 Rc3 28. Nc4 Nc5 29. Nd2 Rxf3 30. gxf3 Nd3 31. Ne4 Nxf4 32. h4 Rb5 33. Ra7 Rxe5 34. Nd6 f5 35. Rb7 Nd5 36. Nc4 Re2 37. Nb6 Nc3 38. Nd7 Nd5 39. Nc5 Re3 40. Kf2 Rc3 41. Nxe6 Rxb3 42. Rg7+ Kh8 43. Rd7 Nf6 44. Rf7 Rb2+ 45. Kg1 Rb1+ 46. Kh2 h6 47. Rxf6 b3 48. Nf4 b2 49. Rb6 g5 50. hxg5 1/2-1/2

[Event "Oberliga NRW 1617"]
[Site "Germany"]
[Date "2017.03.26"]
[Round "8.7"]
[White "Finke, Kai"]
[Black "Hoenig, Alexander"]
[Result "1-0"]
[WhiteElo "2023"]
[BlackElo "2198"]
[PlyCount "119"]
[EventDate "2016.09.25"]
[EventType "team-tourn"]
[EventRounds "9"]
[EventCountry "GER"]
[SourceTitle "EXT 2020"]
[Source "ChessBase"]
[SourceDate "2019.10.17"]
[SourceVersion "1"]
[SourceVersionDate "2019.10.17"]
[SourceQuality "1"]
[WhiteTeam "Koeln Porz II"]
[BlackTeam "Dinslaken"]
[WhiteTeamCountry "GER"]
[BlackTeamCountry "GER"]

1. d4 d5 2. c4 c6 3. Nf3 Nf6 4. Nc3 a6 5. a4 e6 6. Bg5 Be7 7. e3 a5 8. Bd3 Na6 9. Rc1 Nb4 10. Bb1 b6 11. cxd5 exd5 12. 0-0 Bg4 13. Ne2 Bxf3 14. gxf3 0-0 15. Ng3 g6 16. f4 Nd7 17. Bh6 Re8 18. f5 Bg5 19. Bxg5 Qxg5 20. Kh1 Nf6 21. Rg1 Qg4 22. f3 Qh3 23. Qd2 Qh6 24. fxg6 fxg6 25. Nf5 Qf8 26. Nh4 Nh5 27. f4 Ng7 28. Nf3 Re6 29. Qf2 Qe7 30. Ne5 Rf8 31. Rg2 c5 32. Rcg1 Nf5 33. Rg5 Kh8 34. Bxf5 Rxf5 35. Rxf5 gxf5 36. Qg2 Qf8 37. Nd7 Qf7 38. Ne5 Qf8 39. Qg5 Nc6 40. Nd7 Qf7 41. Ne5 Nxe5 42. fxe5 Rg6 43. Qd8+ Qg8 44. Qxg8+ Kxg8 45. Rxg6+ hxg6 46. h4 Kf7 47. Kg2 c4 48. Kf3 Ke6 49. Kf4 Kd7 50. Kg5 b5 51. axb5 a4 52. b6 a3 53. bxa3 c3 54. e6+ Kxe6 55. b7 c2 56. b8Q c1Q 57. Qe5+ Kf7 58. Qxd5+ Kg7 59. Qd7+ Kg8 60. Kf6 1-0

[Event "Mittelrhein Regionalliga 16/17"]
[Site "Nordrheinwestfalen"]
[Date "2016.10.02"]
[Round "2.4"]
[White "Finke, Kai"]
[Black "Meyer, Mario"]
[Result "1-0"]
[WhiteElo "2043"]
[BlackElo "2037"]
[PlyCount "65"]
[EventDate "2016.09.11"]
[EventType "team-tourn"]
[EventRounds "11"]
[EventCountry "GER"]
[SourceTitle "EXT 2022"]
[Source "ChessBase"]
[SourceDate "2021.10.06"]
[SourceVersion "1"]
[SourceVersionDate "2021.10.06"]
[SourceQuality "1"]
[WhiteTeam "Porz SG III"]
[BlackTeam "Aachen SV II"]
[WhiteTeamCountry "GER"]
[BlackTeamCountry "GER"]

1. d4 f5 2. Nf3 Nf6 3. g3 e6 4. Bg2 Be7 5. 0-0 0-0 6. b3 Qe8 7. Nbd2 d6 8. Re1 Ne4 9. Nxe4 fxe4 10. Nd2 d5 11. f3 Bb4 12. fxe4 Bc3 13. Rb1 Bxd4+ 14. e3 Bc3 15. Ba3 Rf6 16. exd5 Rf5 17. Rf1 Nd7 18. e4 Rxf1+ 19. Nxf1 Ne5 20. Ne3 Bd7 21. Kh1 Rd8 22. Qe2 Bb5 23. Qf2 Bd4 24. Qd2 Bxe3 25. Qxe3 exd5 26. exd5 Qh5 27. Qf4 Be2 28. Re1 Nf3 29. Bxf3 Qxf3+ 30. Kg1 Qxd5 31. Rxe2 Qd1+ 32. Qf1 Qd4+ 33. Qf2 1-0

[Event "Mittelrhein Verbandsliga Ost 1415"]
[Site "Mittelrhein"]
[Date "2015.03.15"]
[Round "9.2"]
[White "Finke, Kai"]
[Black "Schracke, Guido"]
[Result "1-0"]
[WhiteElo "2003"]
[BlackElo "2073"]
[PlyCount "77"]
[EventDate "2014.09.07"]
[EventType "team-tourn"]
[EventRounds "11"]
[EventCountry "GER"]
[SourceTitle "EXT 2023"]
[Source "ChessBase"]
[SourceDate "2022.10.05"]
[SourceVersion "1"]
[SourceVersionDate "2022.10.05"]
[SourceQuality "1"]
[WhiteTeam "Koeln Porz III"]
[BlackTeam "Niederkassel II"]
[WhiteTeamCountry "GER"]
[BlackTeamCountry "GER"]

1. d4 Nf6 2. c4 d6 3. Nc3 e5 4. Nf3 Nbd7 5. e4 Be7 6. h3 0-0 7. Be3 c6 8. Qd2 Re8 9. Be2 Bf8 10. d5 c5 11. g4 Nb6 12. g5 Nfd7 13. h4 Be7 14. 0-0-0 Nf8 15. Rdg1 Bd7 16. h5 g6 17. Nh4 Na4 18. Nxa4 Bxa4 19. f3 Rb8 20. Bf1 b5 21. hxg6 fxg6 22. Qh2 Kf7 23. Nxg6 hxg6 24. Qh8 Bf6 25. gxf6 Qxf6 26. Qxf6+ Kxf6 27. b3 bxc4 28. bxa4 Rb4 29. Rg2 Reb8 30. Bg5+ Kf7 31. Rc2 c3 32. Rxc3 Rb1+ 33. Kd2 Ra1 34. Rb3 Rxa2+ 35. Kc3 Rxb3+ 36. Kxb3 Rf2 37. Bd3 Rg2 38. Be3 Nd7 39. Rh7+ 1-0

[Event "Mittelrhein Verbandsliga Ost 1415"]
[Site "Mittelrhein"]
[Date "2015.02.22"]
[Round "8.3"]
[White "Finke, Kai"]
[Black "Schwarz, Andreas1111"]
[Result "1-0"]
[WhiteElo "2003"]
[BlackElo "2051"]
[PlyCount "91"]
[EventDate "2014.09.07"]
[EventType "team-tourn"]
[EventRounds "11"]
[EventCountry "GER"]
[SourceTitle "EXT 2023"]
[Source "ChessBase"]
[SourceDate "2022.10.05"]
[SourceVersion "1"]
[SourceVersionDate "2022.10.05"]
[SourceQuality "1"]
[WhiteTeam "Koeln Porz III"]
[BlackTeam "Troisdorf"]
[WhiteTeamCountry "GER"]
[BlackTeamCountry "GER"]

1. d4 Nf6 2. c4 g6 3. Nc3 d5 4. cxd5 Nxd5 5. Bd2 Bg7 6. e4 Nxc3 7. Bxc3 c5 8. d5 Bxc3+ 9. bxc3 Nd7 10. Bb5 Qa5 11. Bxd7+ Bxd7 12. Qb3 Ba4 13. Qa3 0-0 14. Nf3 Qa6 15. Nd2 Rac8 16. c4 b5 17. 0-0 bxc4 18. Rfc1 Bb5 19. Qxa6 Bxa6 20. Nxc4 f5 21. Ne5 Rc7 22. Nc6 fxe4 23. Rxc5 Bb7 24. Rac1 Bxc6 25. dxc6 Rf6 26. R1c3 Kf7 27. g3 Rd6 28. Kf1 Ke6 29. Ke2 Rd5 30. R5c4 Ra5 31. a3 Ra6 32. Ke3 Kf5 33. h3 h5 34. Kd4 Ra5 35. Rc5+ e5+ 36. Kd5 Ra6 37. Kd6 Rc8 38. Rxe5+ Kf6 39. Re6+ Kf7 40. Re7+ Kf6 41. Re6+ Kf7 42. Kd7 Rg8 43. Rxe4 Kf6 44. Rf3+ Kg5 45. h4+ Kh6 46. Rc3 1-0

[Event "Mittelrhein Verbandsliga Ost 1415"]
[Site "Mittelrhein"]
[Date "2015.01.11"]
[Round "6.3"]
[White "Finke, Kai"]
[Black "Weigant, Wladimir"]
[Result "1/2-1/2"]
[WhiteElo "2003"]
[BlackElo "2193"]
[PlyCount "98"]
[EventDate "2014.09.07"]
[EventType "team-tourn"]
[EventRounds "11"]
[EventCountry "GER"]
[SourceTitle "EXT 2023"]
[Source "ChessBase"]
[SourceDate "2022.10.05"]
[SourceVersion "1"]
[SourceVersionDate "2022.10.05"]
[SourceQuality "1"]
[WhiteTeam "Koeln Porz III"]
[BlackTeam "Bonn Stadtverwaltung"]
[WhiteTeamCountry "GER"]
[BlackTeamCountry "GER"]

1. d4 Nf6 2. c4 Nc6 3. d5 Ne5 4. e3 Ng6 5. h4 e5 6. h5 Ne7 7. Qc2 d6 8. Nc3 h6 9. e4 Bg4 10. Be2 Bxe2 11. Ngxe2 Nc8 12. f3 Be7 13. Be3 Nd7 14. g3 a5 15. Na4 b6 16. Nac3 Nc5 17. b3 0-0 18. 0-0-0 Na7 19. f4 Bf6 20. Kb1 Rb8 21. a4 Qe7 22. f5 Bg5 23. Bf2 Rfd8 24. Ng1 Rbc8 25. Nf3 f6 26. Be1 Rf8 27. Bd2 Na6 28. Nb5 Nxb5 29. cxb5 Nc5 30. Nxg5 fxg5 31. Kb2 Rf7 32. g4 Ra8 33. Ra1 Rff8 34. Bc3 Rfd8 35. Kc1 Ra7 36. Kd2 Qf6 37. Ke3 Rda8 38. Ra3 Qf7 39. Rha1 Qd7 40. R1a2 Kh7 41. b4 axb4 42. Bxb4 Qe8 43. Bxc5 dxc5 44. Qc4 Qe7 45. Ra1 Qd6 46. R3a2 Ra5 47. Ke2 Kg8 48. Ke3 Kf7 49. Ke2 Kf6 1/2-1/2

[Event "GER-chT U20"]
[Site "Naumburg Saale"]
[Date "2014.12.29"]
[Round "6.3"]
[White "Finke, Kai"]
[Black "Gungl, Theo"]
[Result "0-1"]
[WhiteElo "2046"]
[BlackElo "2077"]
[PlyCount "75"]
[EventDate "2014.12.27"]
[EventType "team-swiss"]
[EventRounds "7"]
[EventCountry "GER"]
[SourceTitle "EXT 2016"]
[Source "ChessBase"]
[SourceDate "2015.10.08"]
[SourceVersion "1"]
[SourceVersionDate "2015.10.08"]
[SourceQuality "1"]
[WhiteTeam "Porz SG"]
[BlackTeam "Dresden TU"]
[WhiteTeamCountry "GER"]
[BlackTeamCountry "GER"]

1. d4 d5 2. c4 c6 3. Nf3 Nf6 4. Nc3 e6 5. Bg5 dxc4 6. e4 h6 7. Bxf6 Qxf6 8. Bxc4 Nd7 9. 0-0 Nb6 10. Bb3 Bb4 11. Qd3 Bxc3 12. bxc3 Bd7 13. a4 Rd8 14. a5 Na8 15. e5 Qe7 16. Nd2 c5 17. Ne4 cxd4 18. Nd6+ Kf8 19. Qxd4 Bc6 20. f4 g6 21. Qxa7 Nc7 22. c4 Ne8 23. Qd4 Ng7 24. Ba4 Nf5 25. Qb2 Ne3 26. Bxc6 bxc6 27. Rf3 Nf5 28. c5 Kg7 29. Rb3 Qa7 30. Rb6 Ne7 31. Kh1 Rd7 32. a6 Ra8 33. h3 Rc7 34. Kh2 Nd5 35. Rb7 Qxc5 36. a7 Qe3 37. Rxc7 Nxc7 38. Qb7 0-1

[Event "GER-chT U20"]
[Site "Naumburg Saale"]
[Date "2014.12.27"]
[Round "1.3"]
[White "Finke, Kai"]
[Black "Wenninger, Patrick"]
[Result "1-0"]
[WhiteElo "2046"]
[BlackElo "1837"]
[PlyCount "87"]
[EventDate "2014.12.27"]
[EventType "team-swiss"]
[EventRounds "7"]
[EventCountry "GER"]
[SourceTitle "EXT 2016"]
[Source "ChessBase"]
[SourceDate "2015.10.08"]
[SourceVersion "1"]
[SourceVersionDate "2015.10.08"]
[SourceQuality "1"]
[WhiteTeam "Porz SG"]
[BlackTeam "Heilbronn"]
[WhiteTeamCountry "GER"]
[BlackTeamCountry "GER"]

1. d4 d5 2. c4 c6 3. Nf3 Nf6 4. Nc3 dxc4 5. a4 Bf5 6. e3 e6 7. Bxc4 Bb4 8. 0-0 Nbd7 9. Qe2 Bg6 10. Bd3 Bh5 11. h3 0-0 12. e4 c5 13. e5 Bxf3 14. Qxf3 Ne8 15. Qxb7 Nc7 16. Rd1 Rb8 17. Qe4 g6 18. Bc4 Qe7 19. h4 Rfc8 20. Bg5 Qf8 21. Nb5 Nxb5 22. Bxb5 Nb6 23. h5 Nd5 24. Rd3 c4 25. Rh3 Rc7 26. Rc1 Qc8 27. Qh4 c3 28. b3 Ba3 29. Rc2 Bb2 30. Bc4 Nb4 31. hxg6 fxg6 32. Rcxc3 Bxc3 33. Rxc3 Nd5 34. Rh3 Rf7 35. Qg4 Qc6 36. Rf3 Rbf8 37. Rxf7 Rxf7 38. Bh4 Rf4 39. Qg5 Rxd4 40. Qd8+ Kg7 41. Bf6+ Kf7 42. Qh8 Nxf6 43. Qxf6+ Ke8 44. Bb5 1-0

[Event "Mittelrhein Verbandsliga Ost 1415"]
[Site "Mittelrhein"]
[Date "2014.12.07"]
[Round "5.2"]
[White "Kuehlwetter, Gerd"]
[Black "Finke, Kai"]
[Result "0-1"]
[WhiteElo "1943"]
[BlackElo "2046"]
[PlyCount "144"]
[EventDate "2014.09.07"]
[EventType "team-tourn"]
[EventRounds "11"]
[EventCountry "GER"]
[SourceTitle "EXT 2023"]
[Source "ChessBase"]
[SourceDate "2022.10.05"]
[SourceVersion "1"]
[SourceVersionDate "2022.10.05"]
[SourceQuality "1"]
[WhiteTeam "Fritzdorf"]
[BlackTeam "Koeln Porz III"]
[WhiteTeamCountry "GER"]
[BlackTeamCountry "GER"]

1. d4 Nf6 2. Nf3 d5 3. Bf4 Bf5 4. c3 c6 5. Nbd2 Nbd7 6. h3 h6 7. g4 Bg6 8. Qb3 Qb6 9. Nh4 Bh7 10. Nf5 0-0-0 11. f3 Ne8 12. e4 e6 13. Ng3 g5 14. Be3 Bd6 15. Bf2 Ng7 16. Ne2 a6 17. Bg2 f5 18. gxf5 exf5 19. e5 Be7 20. f4 Ne6 21. Bf3 Rhg8 22. Rg1 Rg7 23. 0-0-0 Qxb3 24. Nxb3 Rdg8 25. fxg5 hxg5 26. Nd2 Bg6 27. Rh1 Rh8 28. Rdg1 Rgh7 29. Bg2 f4 30. Bf3 Bf5 31. Rg2 Rxh3 32. Rxh3 Rxh3 33. Ng1 Rh7 34. Nf1 Ndf8 35. Kd1 Kd7 36. Ke1 Ng6 37. Ke2 Nh8 38. Nh2 Nf7 39. Ng4 Rh8 40. a3 Rh7 41. Kd2 Nh6 42. Ke2 Nf8 43. Ke1 Ke6 44. Nxh6 Rxh6 45. Be2 Be4 46. Bg4+ Bf5 47. Be2 Rg6 48. Bh5 Rg7 49. Ne2 Rh7 50. Bf3 Ng6 51. Rg1 Kf7 52. Kf1 Bh3+ 53. Ke1 Nh4 54. Bxh4 Rxh4 55. Rh1 Kg6 56. Kf2 Rh7 57. Rg1 Kf7 58. Rh1 Kg7 59. Rg1 Kh8 60. Bg4 Bxg4 61. Rxg4 Rh2+ 62. Rg2 Rh1 63. Kf3 Kh7 64. Ng1 Kg6 65. Ne2 Rf1+ 66. Rf2 Rxf2+ 67. Kxf2 Kf5 68. Nc1 g4 69. Nb3 b6 70. Nd2 Bh4+ 71. Kf1 f3 72. c4 Kf4 0-1

[Event "Oberliga NRW 1314"]
[Site "Germany"]
[Date "2014.04.27"]
[Round "9.7"]
[White "Walter, Andreas"]
[Black "Finke, Kai"]
[Result "1/2-1/2"]
[WhiteElo "2122"]
[BlackElo "2044"]
[PlyCount "57"]
[EventDate "2013.09.15"]
[EventType "team-tourn"]
[EventRounds "9"]
[EventCountry "GER"]
[SourceTitle "EXT 2015"]
[Source "ChessBase"]
[SourceDate "2014.11.20"]
[SourceVersion "1"]
[SourceVersionDate "2014.11.20"]
[SourceQuality "1"]
[WhiteTeam "Dinslaken"]
[BlackTeam "Koeln Porz II"]
[WhiteTeamCountry "GER"]
[BlackTeamCountry "GER"]

1. d4 Nf6 2. c4 e6 3. Nc3 c5 4. d5 exd5 5. cxd5 d6 6. Nf3 g6 7. Bf4 Nh5 8. Qa4+ Qd7 9. Qe4+ Be7 10. Bh6 f5 11. Qc2 b5 12. e4 a6 13. exf5 Qxf5 14. Bd3 Qg4 15. 0-0 c4 16. Be4 Nf4 17. Bxf4 Qxf4 18. a4 bxa4 19. Rxa4 0-0 20. Rxc4 Nd7 21. Bd3 Qf7 22. Rc6 Nc5 23. Rc7 Bd7 24. Ne4 Rfc8 25. Rxc8+ Rxc8 26. Nxc5 Rxc5 27. Qe2 a5 28. Nd2 a4 29. Ne4 1/2-1/2

[Event "GER-chT U20"]
[Site "Osnabrueck"]
[Date "2013.12.30"]
[Round "7.3"]
[White "Vogt, Marc Jonas"]
[Black "Finke, Kai"]
[Result "0-1"]
[WhiteElo "1981"]
[BlackElo "2022"]
[PlyCount "86"]
[EventDate "2013.12.27"]
[EventType "team-swiss"]
[EventRounds "7"]
[EventCountry "GER"]
[SourceTitle "EXT 2015"]
[Source "ChessBase"]
[SourceDate "2014.11.20"]
[SourceVersion "1"]
[SourceVersionDate "2014.11.20"]
[SourceQuality "1"]
[WhiteTeam "Stade"]
[BlackTeam "Koeln Porz"]
[WhiteTeamCountry "GER"]
[BlackTeamCountry "GER"]

1. e4 c5 2. Nf3 d6 3. d4 cxd4 4. Nxd4 Nf6 5. Nc3 g6 6. Be3 Bg7 7. f3 Nc6 8. Bc4 Bd7 9. Qd2 Rc8 10. Bb3 0-0 11. h4 h5 12. Nxc6 bxc6 13. Bh6 c5 14. Bxg7 Kxg7 15. Qe2 Qc7 16. Bc4 Rb8 17. 0-0-0 Qa5 18. e5 dxe5 19. g4 Qb4 20. Bb3 c4 21. a3 Qb7 22. Rxd7 Nxd7 23. Qxc4 e6 24. gxh5 Qxf3 25. Rf1 Qxh5 26. Qc7 Nf6 27. Bxe6 Rbe8 28. Bb3 e4 29. Qf4 Qe5 30. Qe3 Re7 31. Kb1 Rh8 32. Rf4 Rh5 33. Ne2 Rf5 34. Rxf5 Qxf5 35. Nd4 Qg4 36. Nc6 Re8 37. Qxa7 Qd1+ 38. Ka2 Qd7 39. Qb6 e3 40. Nb8 Qd8 41. Qb7 Qe7 42. Qxe7 Rxe7 43. Nc6 e2 0-1

[Event "GER-chT U20"]
[Site "Osnabrueck"]
[Date "2013.12.28"]
[Round "3.3"]
[White "Finke, Kai"]
[Black "Gibicar, Danijel"]
[Result "0-1"]
[WhiteElo "2022"]
[BlackElo "2121"]
[PlyCount "108"]
[EventDate "2013.12.27"]
[EventType "team-swiss"]
[EventRounds "7"]
[EventCountry "GER"]
[SourceTitle "EXT 2015"]
[Source "ChessBase"]
[SourceDate "2014.11.20"]
[SourceVersion "1"]
[SourceVersionDate "2014.11.20"]
[SourceQuality "1"]
[WhiteTeam "Koeln Porz"]
[BlackTeam "Bebenhausen"]
[WhiteTeamCountry "GER"]
[BlackTeamCountry "GER"]

1. d4 Nf6 2. c4 c5 3. d5 b5 4. cxb5 a6 5. f3 axb5 6. e4 Qa5+ 7. Bd2 b4 8. Na3 d6 9. Nc4 Qd8 10. a3 e6 11. dxe6 Bxe6 12. axb4 Rxa1 13. Qxa1 d5 14. exd5 Nxd5 15. Qa4+ Nd7 16. b5 N7b6 17. Nxb6 Nxb6 18. Qe4 Be7 19. Bc3 Bd5 20. Qe5 f6 21. Qf5 0-0 22. Nh3 Re8 23. Be2 Bd6 24. Kf2 Qe7 25. Re1 Be6 26. Qh5 Bf7 27. Qg4 Qe3+ 28. Kf1 Nd5 29. Qd7 Qe6 30. Qxe6 Bxe6 31. Bc4 Ne3+ 32. Rxe3 Bxc4+ 33. Kf2 Rb8 34. g3 Kf7 35. f4 Be6 36. Ng1 Rxb5 37. Rd3 Be7 38. Nf3 Rb3 39. Nd2 Rb8 40. Nf3 h6 41. Rd2 g5 42. Rd1 gxf4 43. gxf4 Rg8 44. Rg1 Rd8 45. Nh4 c4 46. Ra1 Bc5+ 47. Ke1 Bg4 48. Kf1 Re8 49. Re1 Bh3+ 50. Ng2 Rg8 51. Re2 Rg4 52. Bd2 Kg6 53. Be3 Bxe3 54. Rxe3 Bxg2+ 0-1

[Event "GER-chT U20"]
[Site "Osnabrueck"]
[Date "2013.12.28"]
[Round "4.3"]
[White "Mueller, Richard"]
[Black "Finke, Kai"]
[Result "1-0"]
[WhiteElo "2123"]
[BlackElo "2022"]
[PlyCount "141"]
[EventDate "2013.12.27"]
[EventType "team-swiss"]
[EventRounds "7"]
[EventCountry "GER"]
[SourceTitle "EXT 2015"]
[Source "ChessBase"]
[SourceDate "2014.11.20"]
[SourceVersion "1"]
[SourceVersionDate "2014.11.20"]
[SourceQuality "1"]
[WhiteTeam "Coswig"]
[BlackTeam "Koeln Porz"]
[WhiteTeamCountry "GER"]
[BlackTeamCountry "GER"]

1. d4 Nf6 2. c4 e6 3. Nc3 c5 4. d5 exd5 5. cxd5 d6 6. e4 g6 7. f3 Bg7 8. Be3 0-0 9. Nge2 Na6 10. Ng3 Nc7 11. Be2 Re8 12. Qd2 Bd7 13. Rb1 b5 14. 0-0 a5 15. Bf4 b4 16. Nd1 Bb5 17. Ne3 Bxe2 18. Nxe2 Nh5 19. Nc4 Nxf4 20. Nxf4 a4 21. Qd3 Ra7 22. Rfe1 Na8 23. g3 Nb6 24. Re2 Nxc4 25. Qxc4 Bd4+ 26. Kg2 Qb6 27. Nd3 Qa6 28. Rc1 Qxc4 29. Rxc4 Bg7 30. f4 Rd7 31. a3 bxa3 32. bxa3 Ra8 33. Rd2 Bd4 34. e5 dxe5 35. Nxe5 Rxd5 36. Nc6 Rd6 37. Nxd4 cxd4 38. Rdxd4 Rxd4 39. Rxd4 h5 40. Kf3 Kg7 41. Rb4 Ra6 42. Ke4 Ra5 43. Kd4 Ra7 44. Rc4 Ra8 45. Kc3 Re8 46. Kd3 Ra8 47. Rd4 Ra7 48. Kc3 Re7 49. Rxa4 Re2 50. Rd4 Rxh2 51. a4 Rg2 52. Rd3 Rf2 53. a5 h4 54. gxh4 Rxf4 55. Rd4 Rf1 56. Kb4 Ra1 57. Kb5 f5 58. a6 g5 59. Ra4 Rb1+ 60. Kc6 Rb8 61. a7 Ra8 62. Kb7 Rxa7+ 63. Kxa7 gxh4 64. Rxh4 Kf6 65. Kb6 Ke5 66. Kc5 f4 67. Kc4 Ke4 68. Kc3 Ke3 69. Kc2 f3 70. Kd1 f2 71. Rh3+ 1-0

[Event "Mittelrhein Verbandsliga Ost 1314"]
[Site "Mittelrhein"]
[Date "2013.11.10"]
[Round "3.3"]
[White "Schmitt, Karl"]
[Black "Finke, Kai"]
[Result "0-1"]
[WhiteElo "1803"]
[BlackElo "2022"]
[PlyCount "66"]
[EventDate "2013.09.15"]
[EventType "team-tourn"]
[EventRounds "11"]
[EventCountry "GER"]
[SourceTitle "EXT 2023"]
[Source "ChessBase"]
[SourceDate "2022.10.05"]
[SourceVersion "1"]
[SourceVersionDate "2022.10.05"]
[SourceQuality "1"]
[WhiteTeam "Bergische SF II"]
[BlackTeam "Koeln Porz III"]
[WhiteTeamCountry "GER"]
[BlackTeamCountry "GER"]

1. d4 Nf6 2. Nf3 d5 3. e3 Bf5 4. Bd3 Bg6 5. 0-0 e6 6. b3 Nbd7 7. Bb2 Bd6 8. Nbd2 Qe7 9. Ne5 Ne4 10. f3 Nxd2 11. Qxd2 Bxd3 12. Nxd3 Qh4 13. g3 Qg5 14. f4 Qe7 15. Rae1 f5 16. c4 c6 17. c5 Bc7 18. b4 Nf6 19. a4 a6 20. Kg2 g5 21. Kf3 Qf7 22. Qe2 g4+ 23. Kg2 h5 24. Nf2 h4 25. Rh1 Kd7 26. Reg1 Rh6 27. Bc3 Rah8 28. Kf1 Nh5 29. Kg2 hxg3 30. hxg3 Qh7 31. Qe1 Nxg3 32. Nxg4 Nxh1 33. Rxh1 fxg4 0-1

[Event "Verbandsliga Mittelrhein-Ost 1213"]
[Site "Germany"]
[Date "2013.02.03"]
[Round "7.8"]
[White "Humbek, Olav"]
[Black "Finke, Kai"]
[Result "0-1"]
[WhiteElo "1736"]
[BlackElo "1924"]
[PlyCount "74"]
[EventDate "2012.09.09"]
[EventType "team"]
[EventRounds "11"]
[EventCountry "GER"]
[SourceTitle "EXT 2015"]
[Source "ChessBase"]
[SourceDate "2014.11.20"]
[SourceVersion "1"]
[SourceVersionDate "2014.11.20"]
[SourceQuality "1"]
[WhiteTeam "Lohmar"]
[BlackTeam "Koeln Porz III"]
[WhiteTeamCountry "GER"]
[BlackTeamCountry "GER"]

1. e4 c5 2. c3 d5 3. exd5 Qxd5 4. d4 Nf6 5. Nf3 Bg4 6. Be2 e6 7. h3 Bh5 8. Be3 cxd4 9. cxd4 Be7 10. Nc3 Qd6 11. 0-0 Nc6 12. a3 0-0 13. Rc1 Rfd8 14. Nb5 Qb8 15. g3 Nd5 16. Kg2 Bf6 17. g4 Bg6 18. Nc3 Nf4+ 19. Bxf4 Qxf4 20. d5 Ne7 21. Qb3 Bxc3 22. Rxc3 Nxd5 23. Rc4 Be4 24. Kg1 Nb6 25. Rb4 Bd5 26. Qc3 Qf6 27. Ne5 Rac8 28. Qg3 Qe7 29. Rf4 f6 30. Nf3 Rc2 31. Bd3 Rxb2 32. g5 f5 33. Ne5 Nd7 34. Nc4 Rb3 35. Rd4 Bxc4 36. Rxc4 Nc5 37. Rd1 Rbxd3 0-1

[Event "GER-chT U20"]
[Site "Osnabrueck"]
[Date "2011.12.29"]
[Round "5.3"]
[White "Finke, Kai"]
[Black "Wierum, Colin"]
[Result "1/2-1/2"]
[WhiteElo "1958"]
[BlackElo "1892"]
[PlyCount "67"]
[EventDate "2011.12.27"]
[EventType "team-swiss"]
[EventRounds "7"]
[EventCountry "GER"]
[SourceTitle "CBM 146 Extra"]
[Source "ChessBase"]
[SourceDate "2012.02.29"]
[SourceVersion "1"]
[SourceVersionDate "2012.02.29"]
[SourceQuality "1"]
[WhiteTeam "Koeln Porz"]
[BlackTeam "Hagen"]
[WhiteTeamCountry "GER"]
[BlackTeamCountry "GER"]

1. d4 g6 2. e4 Bg7 3. c4 c5 4. d5 d6 5. Nc3 Nf6 6. f4 0-0 7. Nf3 e6 8. Be2 exd5 9. cxd5 Bg4 10. 0-0 Re8 11. h3 Bxf3 12. Bxf3 Nbd7 13. Re1 a6 14. a4 b5 15. g4 h6 16. h4 Nh7 17. g5 Ra7 18. Be3 Ndf8 19. Kg2 f6 20. gxh6 Bxh6 21. Qd2 f5 22. e5 dxe5 23. fxe5 Bxe3 24. Qxe3 Qxh4 25. Re2 f4 26. Qf2 Qg5+ 27. Kf1 Rxe5 28. Rxe5 Qxe5 29. Re1 Qf5 30. Be4 Qh3+ 31. Ke2 Qg4+ 32. Kd2 Nf6 33. Bd3 Rg7 34. Rg1 1/2-1/2

[Event "GER-chT U20"]
[Site "Osnabrueck"]
[Date "2011.12.28"]
[Round "3.3"]
[White "Finke, Kai"]
[Black "Stephan, Michael"]
[Result "1/2-1/2"]
[WhiteElo "1958"]
[BlackElo "1832"]
[PlyCount "34"]
[EventDate "2011.12.27"]
[EventType "team-swiss"]
[EventRounds "7"]
[EventCountry "GER"]
[SourceTitle "CBM 146 Extra"]
[Source "ChessBase"]
[SourceDate "2012.02.29"]
[SourceVersion "1"]
[SourceVersionDate "2012.02.29"]
[SourceQuality "1"]
[WhiteTeam "Koeln Porz"]
[BlackTeam "Forchheim"]
[WhiteTeamCountry "GER"]
[BlackTeamCountry "GER"]

1. d4 Nf6 2. c4 c5 3. Nf3 g6 4. Nc3 Bg7 5. e4 cxd4 6. Nxd4 Nc6 7. Nxc6 bxc6 8. e5 Ng8 9. f4 f6 10. e6 dxe6 11. Qxd8+ Kxd8 12. Be2 f5 13. Bf3 Bd7 14. Be3 e5 15. fxe5 Bxe5 16. 0-0-0 Ke8 17. Nb5 Nf6 1/2-1/2